| 000 | 00550nam a2200217 a 4500 | ||
|---|---|---|---|
| 999 |
_c6052 _d6052 |
||
| 001 | 6052 | ||
| 003 | BD-JhCC | ||
| 005 | 20180101172553.0 | ||
| 008 | 171219s1963 enka|||| |||| 001 0 eng d | ||
| 035 | _a(BD-JhCC)6052 | ||
| 040 |
_aBD-JhCC _dBD-JhCC |
||
| 041 | _aeng | ||
| 082 |
_a510 _bMAT 1963 |
||
| 245 |
_aMathematics 7 / _cE. T McSwain ....[et. all] |
||
| 260 |
_aNew Jersey : _bLaidlaw Brothers Publishers, _c1963. |
||
| 300 |
_a384 p. : _c24 cm. |
||
| 650 | _aMathematics | ||
| 700 | _aMcSwain, E. T | ||
| 942 |
_2ddc _cBK |
||